| 000 | 01022naa a2200253 c 4500 | ||
|---|---|---|---|
| 100 | 1 |
_911336 _aErrandonea Ulazia, Elisabet |
|
| 999 |
_c48393 _d48393 |
||
| 001 | 48393 | ||
| 003 | ES-MaCES | ||
| 005 | 20170213110847.0 | ||
| 008 | 161019s2016 sp ||||| t||||||| ||spa d | ||
| 040 |
_aES-MaCES _bspa _cES-MaCES _dES-MaCES |
||
| 245 | 1 | 3 |
_aEl nuevo complemento por maternidad y los factores que repercuten sobre la cuantía de las pensiones contributivas de las mujeres _cElisabet Errandonea Ulazia |
| 500 | _aResumen | ||
| 650 | 4 |
_927042 _arégimen de pensión |
|
| 650 | 4 |
_930465 _apago de prestaciones |
|
| 650 | 4 |
_929076 _aprotección social |
|
| 650 | 4 |
_927034 _aseguridad social |
|
| 650 | 4 |
_928657 _amujeres |
|
| 650 | 4 |
_929521 _adiscriminación por razones de sexo |
|
| 653 | 1 | 0 | _aSeguridad Social |
| 773 | 0 |
_985259 _dMurcia Laborum 2014- _o088157 _tRevista de Derecho de la Seguridad Social _w(ES-MaCES)46201 _gn. 7 (2º trim. 2016) {55/1132 R. 088157} ;p. 75-97 |
|
| 902 | _aART Artículo de revista | ||
| 942 |
_2CES _cAR _h3.0. |
||